[Event "Madurai op 1st"]
[Site "Madurai"]
[Date "2017.08.12"]
[Round "1"]
[White "Sekar, B."]
[Black "Pushpa Angela, V."]
[Result "1-0"]
[WhiteElo "2262"]
[BlackElo "1254"]
[PlyCount "102"]
[EventDate "2017.08.12"]
[EventType "swiss"]
[EventRounds "8"]
[EventCountry "IND"]
[SourceTitle "CBM 180 Extra"]
[Source "ChessBase"]
[SourceDate "2017.10.06"]
[SourceVersion "1"]
[SourceVersionDate "2017.10.06"]
[SourceQuality "1"]

1. e4 e5 2. Nf3 Nc6 3. Bb5 a6 4. Ba4 Nf6 5. 0-0 Be7 6. Re1 b5 7. Bb3 d6 8. c3 0-0 9. h3 Na5 10. Bc2 c5 11. d4 Nc6 12. d5 Nb8 13. a4 Qa5 14. Na3 Nbd7 15. Bd2 c4 16. axb5 axb5 17. Nxb5 Qxa1 18. Qxa1 Rxa1 19. Rxa1 Nc5 20. Ra7 Ba6 21. Na3 Bd8 22. Be3 Nfd7 23. Bxc5 Nxc5 24. Ra8 Bb6 25. Rxf8+ Kxf8 26. Nd2 Nd3 27. Bxd3 cxd3 28. Nac4 Bd8 29. Kf1 Bg5 30. Ke1 Ke7 31. b4 Kd7 32. Nb2 g6 33. c4 f5 34. b5 Bc8 35. Nxd3 Kc7 36. f3 Be3 37. c5 Bxc5 38. Nxc5 dxc5 39. Nc4 Bd7 40. b6+ Kb7 41. Nxe5 Bb5 42. Nf7 Kxb6 43. Nd6 Bd3 44. e5 Kc7 45. Ne8+ Kd8 46. Nf6 h6 47. d6 Bc4 48. h4 g5 49. hxg5 hxg5 50. Nh7 g4 51. f4 g3 1-0